000 00323 a2200109 4500
001 ART_11626
005 20260410161858.0
008 260409a
245 1 0 _aThe deadweight loss from a tax system
100 1 _aKay, J.A.
773 0 _tJournal of public economics
_g- Vol. 13, NÂș 1 (feb. 1980)
_wREV11485
999 _c25680
_d25680